000 00214nam a2200085Ia 4500
008 170620s9999 xx 000 0 und d
100 _aHughes- A. G.
245 0 _aLearning and Teaching
260 _bNew Delhi- Sonali Publication
260 _c2003
999 _c24412
_d24412